MDQL
is popping MORE tags! Check the
thread
!
Quizzes
Events
Quiz Creation
Community
Videos
Private Events
Remove Ads
Sign In
Join for FREE
Feedback
Dark Mode
Quiz Categories
Sports
Geography
Music
Movies
Television
Just For Fun
Miscellaneous
History
Literature
Language
Science
Gaming
Entertainment
Religion
Holiday
For Kids
Quiz Lab
Recent
Popular Today
Quiz Kudos Today
Editor Picks
Curator Picks
Quizzes by...
Day
Popularity
Type
Ratings
Length
Year
Community
Subscriptions
Recent Discussions
Orange Saloon
Badges
Playlists
Quests
Create
Leaderboards
Showdown
Live 5
Trivia Bingo
Activity
Puzzle Library
Sporcle Events
Private Events
Virtual Trivia
Globe League
Become a Host
Pub Owners
SporcleCon
Opinionation
Our Games
Videos
Blog
Mobile Apps
Partnerships
Remove Ads and Go Orange
Feedback
Miscellaneous
Crossword
General Knowledge
Baby Names
Logo
Food
Cars
Numbers
Grab Bag
University
College
Popular
Company
Slogans
Restaurants
Justice
Letter
Miscellaneous
Crossword
General Knowledge
Baby Names
Logo
Food
Cars
Numbers
Grab Bag
University
College
Popular
Company
Slogans
Restaurants
Justice
Letter
Random Quiz
Search Sporcle
×
Quiz Lab
Quiz Lab
Miscellaneous
Baby Names
Type in answers that appear in a list
Type in answers that appear in a list
Classic
Best Score? Go Orange.
Double Letter Girls Names Stats
Can you name the Girls Names from the top 1000 us girls names in 1991 with consecutive double letters?
By
MathematiCat
20m
228 Questions
1,457 Plays
1,457 Plays
1,457 Plays
Comments
Comments
Give Quiz Kudos
Give Quiz Kudos
-
- Ratings
hide this ad
More Info
Replay
Link that replays current quiz
Next Quiz
Link to next quiz in quiz playlist
You Got
0%
They Got
Avg Score
48%
Avg Friend Score
Upgrade to see
Score Distribution
Jump to the score distribution portion of the page
Score
0/228
Timer
20:00
1
Play Today
Names
% Correct
Ann
97.5%
Anna
96.8%
Anne
93.8%
Jessica
91.3%
Allison
90.8%
Ella
90.7%
Jennifer
90.7%
Jessi
90.2%
Emma
90%
Annie
88.3%
Hannah
87%
Jessie
86.5%
Hanna
86.5%
Kelly
86.1%
Isabella
85.6%
Molly
85.6%
Isabelle
84.2%
Jenny
84.1%
Danielle
83.9%
Brianna
82.1%
Melissa
81.9%
Lillian
81.5%
Gabrielle
81.4%
Abby
81.3%
Jenna
81.1%
Gabriella
81%
Alyssa
80.4%
Ellen
80.4%
Holly
80.2%
Allie
79.9%
Michelle
79.6%
Cassandra
78.6%
Carrie
78.2%
Abbie
77.7%
Daniella
77.3%
Rebecca
77.1%
Cassie
77%
Brittany
74.7%
Jennie
74.5%
Charlotte
73.7%
Joann
73.2%
Joanna
73%
Callie
72.8%
Vanessa
72.3%
Jill
72.3%
Kaylee
71.6%
Donna
71.3%
Jillian
70.9%
Joanne
69.4%
Lynn
68.5%
Arianna
68.3%
Julianna
68.3%
Betty
67.7%
Adrianna
67.6%
Maggie
67.2%
Bonnie
66.7%
Kelli
66.3%
Kellie
65.6%
Brook
65.3%
Marissa
64.8%
Brooke
64.7%
Savannah
64.7%
Brittney
64.5%
Savanna
64%
Dianna
63.7%
Shannon
63.7%
Annette
62.6%
Tiffany
62.1%
Tessa
62%
Sally
62%
Ashlee
61.5%
Mollie
61.5%
Kathleen
61.2%
Connie
60.9%
Tess
60.9%
Brooklyn
60.2%
Names
% Correct
Brianne
59.6%
Cassidy
59%
Colleen
58.6%
Julianne
58.4%
Breanna
58.2%
Allyson
58%
Tammy
57.8%
Deanna
57.5%
Debbie
56.7%
Adrienne
56.6%
Camille
56.6%
Kerry
56.4%
Kylee
56.3%
Alissa
56%
Breann
54.9%
Clarissa
54.7%
Shelly
54.5%
Terri
54.4%
Billie
54.2%
Jeanette
53.7%
Leann
53.2%
Hollie
53.1%
Suzanne
53%
Alanna
52.5%
Sherry
52.5%
Eileen
51.9%
Haylee
51.6%
Mallory
50.9%
Marianne
50.5%
Leanna
50.5%
Aimee
49.9%
Leanne
49.8%
Hallie
49.6%
Jesse
49.5%
Arielle
49.3%
Johanna
48.6%
Renee
48.6%
Sierra
47.7%
Kerri
47.7%
Bobbi
47%
Gianna
46.9%
Breanne
45.9%
Brielle
45.8%
Bobbie
45.4%
Nikki
45.4%
Hillary
45.1%
Adrianne
44.8%
Janelle
44.8%
Maureen
44.8%
Carlee
44.6%
Rochelle
44.5%
Abbey
44.4%
Yvonne
44.2%
Jeannette
44%
Kallie
43.7%
Kassandra
43.2%
Shelley
43.1%
Kassie
42.6%
Yvette
42.5%
Priscilla
42.3%
Janell
41.9%
Rachelle
41.7%
Corinne
41.1%
Aubree
40.7%
Kendall
40.2%
Katelynn
40.1%
Kaitlynn
39.8%
Gillian
39.5%
Desiree
39.4%
Cheyenne
39.3%
Noelle
38.7%
Kelley
38.5%
Carissa
38.3%
Giselle
38.1%
Brenna
37.8%
Summer
37.6%
Names
% Correct
Janna
37.4%
Larissa
35.9%
Brittani
35.7%
Elissa
35.6%
Roxanne
35.6%
Aileen
35.4%
Lorraine
35.2%
Suzanna
34.8%
Janette
33.9%
Karlee
33.7%
Brittanie
33.4%
Lynette
32.8%
Bree
30.7%
Tiffani
30.7%
Shanna
30.4%
Brittni
29.7%
Maryann
29.7%
Alessandra
29.1%
Emilee
28.8%
Roxanna
28.4%
Bridgett
28.2%
Tianna
28.2%
Tiffanie
28.1%
Bryanna
27.7%
Bridgette
27.4%
Joelle
27.2%
Brittnie
27.1%
Mckenna
26.7%
Karissa
26.2%
Destinee
26.2%
Brittnee
26.1%
Kimberlee
25.9%
Jessika
25.8%
Julissa
25.3%
Brittny
23.8%
Elyssa
23%
Kailee
21.8%
Antoinette
20.7%
Janessa
20.5%
Sheena
20.1%
Bernadette
19.4%
Giovanna
19.4%
Corrine
19.1%
Leeann
18.8%
Nicolette
18.2%
Tiarra
18.1%
Rhiannon
18.1%
Terra
17.6%
Brittaney
17.4%
Tierra
16.7%
Rikki
16.6%
Cheyanne
15.9%
Keely
15.7%
Cierra
15.6%
Chantelle
15%
Chanelle
14.6%
Allyssa
13.9%
Princess
13.7%
Jaimee
13.3%
Marcella
12.1%
Richelle
12%
Kaycee
11.7%
Annmarie
11.5%
Kierra
11.5%
Lizette
10.4%
Fallon
10.1%
Ivette
9.9%
Yessenia
8.4%
Shanell
7.9%
Jerrica
7.4%
Jessenia
7.1%
Cassondra
6.3%
Lissette
6.3%
Essence
5.8%
Chynna
5.6%
Jaleesa
4.4%
Quiz Playlist
Details
Report
Send in Message
Add To Playlist
More Info:
The double letters must be consecutive.
Classic:
Type in answers that appear in a list
Quiz Source
Last Updated: May 4, 2017
Quiz Scoreboard
CHALLENGE
Sign Up to Join the Scoreboard
Show All
Scores
Hide
Comments
May contain spoilers
Recently Published
1-10 Letter E Words III
by El_Dandy
Language
2m
Street Fighter Characters
by Artimus82
Gaming
60s
College Basketball Coaching Resumes
by pancakes188
Sports
9m
More to Explore
Quiz From the Vault
Featured Blog Post
Where Did the Easter Bunny Come From?
hide this ad
You Might Also Like...
Tags
Baby Names Quiz
Letter Quiz
1000
1991
Consecutive
double
girl
Girls Names
Today's Top Quizzes in Miscellaneous
Browse Miscellaneous
hide this ad
Today's Top Quizzes in Baby Names
Browse Baby Names
Top Contributed Quizzes in Miscellaneous
1
5-to-1: Fast Food
2
The JOE quick-fire general knowledge quiz: Day 174
3
The JOE quick-fire general knowledge quiz: Day 173
4
5-to-1: Cocktails
5
The JOE quick-fire general knowledge quiz: Day 172
6
9x9 Crossword: Disney Movie Titles
7
9x9 Crossword: Charlie and the Chocolate Factory
8
Sunday Crossword: Famous Bodies of Water
9
The JOE quick-fire general knowledge quiz: Day 171
10
9x9 Crossword: Flags
Explore More
Trending Topics
Anime
NBA
Marvel
Harry Potter
Disney
Crossword
Kpop
Song
NFL
Soccer
Puzzle
The Office
Pokémon
WWE
Country
hide this ad
More By:
MathematiCat
Quiz
Plays
Rating
Category
Featured
Created
Double Letter Girls Names
1,457
4.50
Miscellaneous
Jan 24, 2013
Click the English version of Maori names
713
5.00
Miscellaneous
Oct 4, 2012
Top Girls Names Ending in a Consonant (2012)
579
3.47
Miscellaneous
Oct 3, 2012
Girls names without 'a' (USA 2012)
571
4.83
Miscellaneous
Sep 27, 2013
Most Popular Names in the Philippines
482
3.33
Miscellaneous
Sep 1, 2012
Go to Creator's Profile
Score Distribution
Quiz Creator Spotlight
MathematiCat
Follow
Send a Message
Quizzes Created
-
Created Quiz Play Count
-
More By This Creator
Popular Quizzes Today
1
Find the US States - No Outlines Minefield
2
Find the Countries of Europe - No Outlines Minefield
3
The Countries of the World
4
Find the US States
5
Risky Map Clicking: Biggest States A-Z
6
US States
7
Popular People in 1961
8
Movies - When Are They Set?
More Miscellaneous Quizzes
Images That Start with 'F'
Published
Trending Quizzes
Risky Map Clicking: Least Populous States A-Z
Billboard Blitz: Aretha Franklin
1-10 Letter G Words
Countries of the World: 200 Million BC
1-10 Letter F Words
Recently Updated
Leaping Animals
pecheneg
Reality TV Shows (A-Z)
bhenderson79
Rickey Henderson's Hall of Fame Teammates
pecheneg
Champions League XIs: Arsenal
pecheneg
Quick Pick: Celebrities in WWE's Hall of Fame
aduchscher
A-Z Keypad Blitz II
pecheneg
Multiple Oscar Actors
pecheneg
Mystery Phrase Blitz: Oscar 'Best Actors'
pecheneg
F. Scott Fitzgerald Novels
LTH
Pick 3 Villains
ddd62291
Trending Topics
Marvel
Anime
NBA
Harry Potter
Crossword
Disney
Kpop
Pokémon
WWE
Country
Song
Soccer
Puzzle
The Office
NFL
Your Account Isn't Verified!
In order to create a playlist on Sporcle, you need to verify the email address you used during registration. Go to your
Sporcle Settings
to finish the process.
Report this User
Report this user for behavior that violates our
Community Guidelines
.
Details:
Send Report
Go to the Sporcle.com Mobile Site →
Comments